A Tribe Called Quest Discography - Statistics

General Stats
  • This quiz has been taken 40 times
  • The average score is 6 of 11
Answer Stats
Year Name Type % Correct
1993 Midnight Marauders Album
94%
1991 The Low End Theory Album
94%
2016 We Got It from Here... Thank You 4 Your Service Album
78%
1998 The Love Movement Album
75%
1990 People's Instinctive Travels and the Paths of Rhythm Album
64%
1996 Beats, Rhymes and Life Album
58%
1999 The Anthology Compilation
44%
2003 Hits, Rarities & Remixes Compilation
19%
2008 The Best of A Tribe Called Quest Compilation
19%
2006 The Lost Tribes Compilation
14%
1992 Revised Quest for the Seasoned Traveller Compilation
11%
No matching quizzes found
Score Distribution
Percent of People with Each Score
Percentile by Number Answered
Your Score History
You have not taken this quiz